|
|
|
|
| LEADER |
00000nam a2200000 a 4500 |
| 001 |
vtls001153442 |
| 003 |
SK-MaSNL |
| 005 |
20260301055549.0 |
| 008 |
250414s1948 CS 0 cze |
| 035 |
|
|
|a SNK000096327
|
| 040 |
|
|
|a SNK
|b slo
|c SNK
|e AACR2
|
| 041 |
0 |
|
|a cze
|
| 044 |
|
|
|a [CS]
|
| 080 |
|
|
|a 840-1 Apollinaire, G.=85
|2 1981
|
| 100 |
1 |
|
|a Apollinaire, Guillaume,
|d 1880-1918
|4 aut
|9 120383
|
| 245 |
1 |
0 |
|a Kaligramy
|c Guillaume Apollinaire ; Přel. Karel Baláš, Miloslav Baláš
|
| 250 |
|
|
|a 1. vyd.
|
| 260 |
|
|
|a Valašské Meziříčí
|b b. v.
|c 1948
|e S.l.Vladimír Pavlacký
|f Vladimír Pavlacký
|
| 300 |
|
|
|a 43, [2] s.
|c 8°
|
| 700 |
1 |
|
|a Baláš, Karel
|4 trl
|9 369381
|
| 700 |
1 |
|
|a Baláš, Miloslav,
|d 1907-1983
|4 trl
|9 48081
|
| 852 |
|
|
|a Slovenská národná knižnica
|
| 954 |
|
|
|a kaligramy francúzske
|
| 968 |
|
|
|d [Z franc. orig.]
|
| 999 |
|
|
|c 613650
|d 615580
|
| 952 |
|
|
|t P60, <04>, [BOOK], {604}
|a SNK
|b SNK
|y VYP
|7 0
|p 17A0217364
|o snkIC 5775
|0 0
|1 0
|4 0
|d 1999-11-05
|l 0
|r 2005-01-01 00:00:00
|w 2026-02-23
|